01001nam a22002654c 4500003000900000008004100009020001800050040002500068041001800093080001100111100001700122245002100139264003100160300004100191336002700232337003300259338002800292490004200320500003500362520024400397521001300641650003400654650001100688700003600699AR-BaSMT240627t2021 enka|||ar|||| 000 1 ing d a9781474990134 aBSGBbespañolerda0 ainghInglés a82-34 1 aCowan, Laura14aThe Rainbow Coat aLondres : bUsborne,c2021 a24 páginas ; bilustraciones color 2rdacontentatextobtxt 2rdamediaasin mediaciónbn 2rdacarrieravolumenbnc aUsborne English Readers Starter Level aWith activities and free audio aLong ago, the phoenix was a plain brown bird, overlooked by the dazzling forest birds. While the forest birds preened and sang, the phoenix quietly collected a store of food. When drought struck, the phoenix was able to come to the rescue. aPrimaria 7aLITERATURA INFANTILvInglés 7aCUENTO1 aNí Dhuinn, CiaraeIlustradora